House price index (Record no. 110372)
[ view plain ]
| 000 -LEADER | |
|---|---|
| fixed length control field | 01726cad a22002535a 4500 |
| 001 - CONTROL NUMBER | |
| control field | L149108 |
| 008 - FIXED-LENGTH DATA ELEMENTS--GENERAL INFORMATION | |
| fixed length control field | 100112s20100112xxkd f s f000 0 eng d |
| 020 ## - INTERNATIONAL STANDARD BOOK NUMBER | |
| International Standard Book Number | 9781409821632 |
| 035 ## - SYSTEM CONTROL NUMBER | |
| System control number | (Sirsi) u149108 |
| 041 0# - LANGUAGE CODE | |
| Language code of text/sound track or separate title | eng |
| 050 04 - LIBRARY OF CONGRESS CALL NUMBER | |
| Classification number | 333.33 $2 18 |
| 110 1# - MAIN ENTRY--CORPORATE NAME | |
| Corporate name or jurisdiction name as entry element | United Kingdom |
| Subordinate unit | Department for Communities and Local Government |
| 9 (RLIN) | 4939 |
| 245 00 - TITLE STATEMENT | |
| Title | House price index |
| Remainder of title | November 2009 |
| Medium | [electronic resource] |
| 260 ## - PUBLICATION, DISTRIBUTION, ETC. | |
| Place of publication, distribution, etc. | London |
| Name of publisher, distributor, etc. | DCLG |
| Date of publication, distribution, etc. | 2010 |
| 490 #0 - SERIES STATEMENT | |
| Series statement | DCLG House Price Index |
| Volume/sequential designation | November 2009 |
| 520 ## - SUMMARY, ETC. | |
| Summary, etc. | Finds that UK house prices have increased by 0.6% since November 2008 and 1.7% higher than in October 2009. The mix-adjusted average house price was £200 454 in November 2009 (not seasonally adjusted). UK house prices rose by 3.5% in the quarter ending November 2009 compared with a smaller rise of 2.6% in the quarter ending August 2009 (seasonally adjusted). Annual average house prices rose by 0.6% in England, 2.4% in Scotland and 2.2% in Wales but fell in Northern Ireland by 11.6%. Annual average house prices paid by first time buyers in October 2009 were 3.91% higher than a year ago. By comparison average house prices paid by former owner occupiers were 0.7% lower. Annual average house prices paid for new properties in October 2009 were 0.7% lower than a year ago. By comparison average house prices paid on pre-owned dwellings were 0.7% higher. |
| 521 ## - TARGET AUDIENCE NOTE | |
| Target audience note | Advanced |
| 590 ## - LOCAL NOTE (RLIN) | |
| Local note | KA NTK |
| 650 24 - SUBJECT ADDED ENTRY--TOPICAL TERM | |
| Topical term or geographic name entry element | DCLG HOUSE PRICE INDEX |
| 651 #4 - SUBJECT ADDED ENTRY--GEOGRAPHIC NAME | |
| Geographic name | United Kingdom |
| Chronological subdivision | |
| 690 ## - LOCAL SUBJECT ADDED ENTRY--TOPICAL TERM (OCLC, RLIN) | |
| Topical term or geographic name as entry element | PROPERTY-RESIDENTIAL PROPERTY-RESIDENTIAL PROPERTY MARKET |
| 856 40 - ELECTRONIC LOCATION AND ACCESS | |
| Uniform Resource Identifier | <a href="https://www.communities.gov.uk/publications/corporate/statistics/hpi112009">https://www.communities.gov.uk/publications/corporate/statistics/hpi112009</a> |
| Public note | View the item free of charge at www.communities.gov.uk... |
| 942 ## - ADDED ENTRY ELEMENTS (KOHA) | |
| Suppress in OPAC | 0 |
| Withdrawn status | Lost status | Source of classification or shelving scheme | Damaged status | Not for loan | Home library | Current library | Shelving location | Date acquired | Total Checkouts | Full call number | Barcode | Date last seen | Copy number | Price effective from | Koha item type |
|---|---|---|---|---|---|---|---|---|---|---|---|---|---|---|---|
| Dewey Decimal Classification | Virtual | Virtual | Online | 12/01/2010 | ONLINE PUBLICATION | 149108-2001 | 06/08/2019 | 1 | 06/08/2019 | Book |